Bovinos de carne / (Registro nro. 43954)
[ vista simple ]
| 000 -LEADER | |
|---|---|
| fixed length control field | 01406cam a2200361 i 4500 |
| 001 - CONTROL NUMBER | |
| control field | 43954 |
| 003 - CONTROL NUMBER IDENTIFIER | |
| control field | Mx-PuUPA |
| 005 - DATE AND TIME OF LATEST TRANSACTION | |
| control field | 20251108094227.0 |
| 008 - FIXED-LENGTH DATA ELEMENTS--GENERAL INFORMATION | |
| fixed length control field | 140415s1990 mx a gr 001 0 spa d |
| 020 ## - INTERNATIONAL STANDARD BOOK NUMBER | |
| International Standard Book Number | 9682437873 |
| 040 ## - CATALOGING SOURCE | |
| Original cataloging agency | MX-PuUPA |
| Language of cataloging | spa |
| Description conventions | rda |
| Transcribing agency | Mx-PuUPA |
| Modifying agency | Mx-PuUPA |
| 041 0# - LANGUAGE CODE | |
| Language code of text/sound track or separate title | spa |
| 100 1# - MAIN ENTRY--PERSONAL NAME | |
| Personal name | Berlijn, J. D., |
| Fuller form of name | (Johan D.) |
| 9 (RLIN) | 17685 |
| 245 10 - TITLE STATEMENT | |
| Title | Bovinos de carne / |
| Statement of responsibility, etc. | con la colaboración de F. R. Kirchner Salinas [y otros cuatro] ; redacción y revisión de Johan D. Berlin, F. Orozco Luna [y otro] |
| 250 ## - EDITION STATEMENT | |
| Edition statement | Segunda edición |
| 264 #1 - PRODUCTION, PUBLICATION, DISTRIBUTION, MANUFACTURE, AND COPYRIGHT NOTICE | |
| Place of production, publication, distribution, manufacture | México, D.F. : |
| Name of producer, publisher, distributor, manufacturer | Editorial Trillas, |
| Date of production, publication, distribution, manufacture, or copyright notice | 1990 |
| 300 ## - PHYSICAL DESCRIPTION | |
| Extent | 101 páginas : |
| Other physical details | ilustraciones ; |
| Dimensions | 23 cm |
| 336 ## - CONTENT TYPE | |
| Fuente | rdacontent |
| Content type term | texto |
| Content type code | txt |
| 336 ## - CONTENT TYPE | |
| Fuente | rdacontent |
| Content type term | imagen fija |
| Content type code | sti |
| 337 ## - MEDIA TYPE | |
| Source | rdamedia |
| Media type term | sin medio |
| Media type code | n |
| 338 ## - CARRIER TYPE | |
| Source | rdacarrier |
| Carrier type term | volumen |
| Carrier type code | nc |
| 490 0# - SERIES STATEMENT | |
| Series statement | Manuales para educación agropecuaria ; |
| Volume/sequential designation | 6 |
| 490 0# - SERIES STATEMENT | |
| Series statement | Producción animal |
| 500 ## - GENERAL NOTE | |
| General note | Reimpresiones: (1991) ; (1993) ; (1997) ; (1998) ; (2000) ; (séptima, septiembre 2001). |
| 500 ## - GENERAL NOTE | |
| General note | "Basado en el trabajo de; Ir. Johan H. Koeslang, Mtra. F. Orozco Luna". -- Contrapordada |
| 650 #7 - SUBJECT ADDED ENTRY--TOPICAL TERM | |
| Source of heading or term | armarc |
| Topical term or geographic name entry element | Ganado vacuno |
| General subdivision | Cría |
| 650 #7 - SUBJECT ADDED ENTRY--TOPICAL TERM | |
| Source of heading or term | armarc |
| Topical term or geographic name entry element | Ganado de carne |
| 700 1# - ADDED ENTRY--PERSONAL NAME | |
| Personal name | Salinas, F. R. Kirchner, |
| Relator term | colaborador |
| 700 1# - ADDED ENTRY--PERSONAL NAME | |
| Personal name | Orozco Luna, F., |
| Relator term | redactor |
| 942 ## - ADDED ENTRY ELEMENTS (KOHA) | |
| Classification part | 636.2 |
| Item part | B48 |
| Koha item type | Libro |
| Source of classification or shelving scheme | Dewey Decimal Classification |
| Withdrawn status | Lost status | Source of classification or shelving scheme | Damaged status | Not for loan | Collection code | Home library | Current library | Shelving location | Date acquired | Source of acquisition | Total Checkouts | Total Renewals | Full call number | Barcode | Date last seen | Date last checked out | Price effective from | Koha item type | Copy number |
|---|---|---|---|---|---|---|---|---|---|---|---|---|---|---|---|---|---|---|---|
| Dewey Decimal Classification | General | Biblioteca Karol Wojtyla | Biblioteca Karol Wojtyla | Sala general | 23/03/2018 | Compra | 3 | 2 | 636.2 B48 1990 | 47723 | 05/01/2026 | 07/05/2024 | 23/03/2018 | Libro | |||||
| Dewey Decimal Classification | General | Biblioteca Karol Wojtyla | Biblioteca Karol Wojtyla | Sala general | 03/12/2013 | Compra | 636.2 B48 1990 | 006609 | 05/01/2026 | 09/09/2015 | 04/04/2018 | Libro | Ej.2 |